| 000 | 00437 a2200157 4500 | ||
|---|---|---|---|
| 005 | 20250618140538.0 | ||
| 020 | _a978-0-07-281740-9 | ||
| 082 | _a351 BER | ||
| 100 | _aBERKLEY,G. | ||
| 245 | _aThe Craft of Public Administration | ||
| 250 | _a9th Ed. | ||
| 260 |
_aNewYork, _bThe McGraw-Hill Companies,Inc., _c2004. |
||
| 300 |
_aviii,416p.:ill.;figures,tables _bBibliography, Indexes _c23.5cm |
||
| 700 | _aRouse,John | ||
| 942 |
_2ddc _cBKS |
||
| 999 |
_c4313 _d4313 |
||